书目信息 |
| 题名: |
现代旅游电子商务教程
|
|
| 作者: | 杨路明 , 巫宁 编著 | |
| 分册: | ||
| 出版信息: | 北京 电子工业出版社 2004 |
|
| 页数: | 370页 | |
| 开本: | 26cm | |
| 丛书名: | ||
| 单 册: | ||
| 中图分类: | F590.6-39 , F590.3 | |
| 科图分类: | ||
| 主题词: | 旅游业 , 电子商务 , 旅游业--电子商务 | |
| 电子资源: | ||
| ISBN: | 7-5053-9617-X | |
| 000 | 00914nam0 2200265 450 | |
| 001 | 07079000328 | |
| 005 | 20070721100655.31 | |
| 010 | @a7-5053-9617-X@dCNY32.00 | |
| 100 | @a20040405d2004 em y0chiy0110 ea | |
| 101 | 0 | @achi |
| 102 | @aCN@b110000 | |
| 105 | @ay z 000yy | |
| 200 | 1 | @a现代旅游电子商务教程@Axian dai lu^ you dian zi shang wu jiao cheng@f杨路明, 巫宁等编著 |
| 210 | @a北京@c电子工业出版社@d2004 | |
| 215 | @a370页@d26cm | |
| 330 | @a本书包括电子商务基础知识、电子商务与旅游产业、旅游企业信息化三部分内容。本书系统介绍了电子商务在当今世界旅游业中的应用图景、旅游电子商务的概念和内涵,以及旅游电子商务体系的结构、功能等。 | |
| 606 | 0 | @a旅游业 |
| 606 | 0 | @a电子商务 |
| 606 | 0 | @a旅游业@x电子商务 |
| 690 | @aF590.6-39@v4 | |
| 690 | @aF590.3@v3 | |
| 701 | 0 | @a杨路明@Ayang lu ming@4编著 |
| 701 | 0 | @a巫宁@Awu ning@4编著 |
| 801 | 0 | @aCN@bTAOJIN@c20070721 |
| 905 | @a10447@dF590.3@e166 | |
| 现代旅游电子商务教程/杨路明, 巫宁等编著.-北京:电子工业出版社,2004 |
| 370页;26cm |
| ISBN 7-5053-9617-X:CNY32.00 |
| 本书包括电子商务基础知识、电子商务与旅游产业、旅游企业信息化三部分内容。本书系统介绍了电子商务在当今世界旅游业中的应用图景、旅游电子商务的概念和内涵,以及旅游电子商务体系的结构、功能等。 |
| ● |
| 相关链接 |
|
|
|
|
正题名:现代旅游电子商务教程
索取号:F590.3/166
 
预约/预借
| 序号 | 登录号 | 条形码 | 馆藏地/架位号 | 状态 | 备注 |
| 1 | 0822666 | 208226668 | 第一样本阅览室/ [索取号:F590.3/166] | 在馆 | |
| 2 | 0822667 | 208226677 | 第一借阅区/ [索取号:F590.3/166] | 在馆 | |
| 3 | 0822668 | 208226686 | 第一借阅区/ [索取号:F590.3/166] | 在馆 | |
| 4 | 0822669 | 208226695 | 第一借阅区/ [索取号:F590.3/166] | 在馆 | |
| 5 | 0822670 | 208226702 | 第一借阅区/ [索取号:F590.3/166] | 在馆 |